| 000 | 00717cam a2200265 i 4500 | ||
|---|---|---|---|
| 001 | 768714001 | ||
| 003 | CO-MdFUSB | ||
| 005 | 20240615132716.0 | ||
| 007 | ta | ||
| 008 | 240615t1960 -us||||| |||| 00| 0 spa d | ||
| 040 | _cCO-MdFUSB | ||
| 041 | 0 | _aspa | |
| 082 | 0 | 4 |
_223 _a234.2 _bC349e |
| 100 | 1 |
_aCastex C., Bernardo _eautor |
|
| 245 | 1 | 0 |
_aEstudio sobre la fe en el Nuevo Testamento _c/ Bernardo Castex C. |
| 264 | 1 |
_aMiami, Florida, USA : _bSelecciones Religiosas, _c[1960] |
|
| 264 | 4 | _c©1960 | |
| 300 | _a102 Pag | ||
| 336 |
_atexto _btxt _2rdacontent |
||
| 337 |
_2rdamedia _asin mediación _bn |
||
| 338 |
_2rdacarrier _avolumen _bnc |
||
| 653 | _aVida cristiana | ||
| 942 | _cBK | ||
| 945 | _aMiguel | ||
| 999 |
_c34795 _d34795 |
||